| 000 | 00513cam a2200217 4500 | ||
|---|---|---|---|
| 008 | 000000n2000 000 0 eng u | ||
| 020 | _a0851424473 | ||
| 035 | _a(Sirsi) u110294 | ||
| 050 | _a346.410482 | ||
| 100 | _aWall, Raymond A. | ||
| 245 | _aCopyright made easier. | ||
| 250 | _a3rd ed. | ||
| 260 |
_aLondon _bAslib _c2000 |
||
| 300 | _axiii,548p. ; 24cm. | ||
| 350 | _a42.00 | ||
| 690 | _aLAW-UK | ||
| 700 | _aNorman, Sandy | ||
| 700 | _aPedley, P. | ||
| 700 | _aHarris, Frank | ||
| 942 | _n0 | ||
| 999 |
_c101089 _d101089 |
||